| 000 | 00664nam a2200229Ia 4500 | ||
|---|---|---|---|
| 001 | 5241 | ||
| 003 | GE_BSU | ||
| 008 | 181216s||||||||xx |||||||||||||| ||und|| | ||
| 040 | _cGE_BSU | ||
| 080 | _a514.112(075.32)+514.113(075.32) | ||
| 100 | _aАндреев. П.П; Э.З. шувалова; | ||
| 245 | _aгеометрия | ||
| 245 | _bУчебник для сред. специаль учебн. заведений | ||
| 245 | _cПод. ред. Э.З. Шуваловой. | ||
| 250 | _aИзд-3-ое | ||
| 260 | _aМосква | ||
| 260 | _bНаука | ||
| 260 | _c1967 | ||
| 300 | _a225 с. 21 см. | ||
| 653 | _aгеометрия | ||
| 942 | _cBK | ||
| 999 |
_c38833 _d38833 |
||